Jessi and the awful secret / (Record no. 993)

MARC details
000 -LEADER
fixed length control field 01340cam a22003373a 4500
005 - DATE AND TIME OF LATEST TRANSACTION
control field 20231124110353.0
020 ## - INTERNATIONAL STANDARD BOOK NUMBER
International Standard Book Number 078073003501
040 ## - CATALOGING SOURCE
Original cataloging agency SJP
Transcribing agency SJP
Modifying agency SLC
-- VYL
-- OCL
-- XY4
-- BTCTA
-- NZHSD
-- YDXCP
-- OCLCG
-- GRR
-- DLC
Language of cataloging eng
050 00 - LIBRARY OF CONGRESS CALL NUMBER
Classification number PZ7.M3467585
082 ## - DEWEY DECIMAL CLASSIFICATION NUMBER
Classification number 813
100 1# - MAIN ENTRY--PERSONAL NAME
Personal name Martin, Ann M.
Dates associated with a name 1955-
245 10 - TITLE STATEMENT
Title Jessi and the awful secret /
Statement of responsibility, etc. Ann M. Martin
250 ## - EDITION STATEMENT
Edition statement First Scholastic printing, February 1993
260 ## - PUBLICATION, DISTRIBUTION, ETC.
Place of publication, distribution, etc. New York :
Name of publisher, distributor, etc. Scholastic Inc.,
Date of publication, distribution, etc. 1993
300 ## - PHYSICAL DESCRIPTION
Extent 147 pages :
Dimensions 20 cm
Other physical details illustrations ;
490 1# - SERIES STATEMENT
Series statement The Baby-sitters Club ;
Volume/sequential designation Book 61
490 0# - SERIES STATEMENT
Series statement Apple paperback
500 ## - GENERAL NOTE
General note "An Apple paperback."
500 ## - GENERAL NOTE
General note "RL4"--P. [4] of cover.
505 ## - FORMATTED CONTENTS NOTE
Formatted contents note R <br/>
520 ## - SUMMARY, ETC.
Summary, etc. Only Jessi knows what's really wrong with one of the girls in her dance class. Jessi volunteers to help out in a ballet class for children. While helping, Jessi discovers a secret about Mary, one that could hurt her. Jessi has to decide if she should tell someone and risk losing a friendship.
521 ## - TARGET AUDIENCE NOTE
Target audience note 690 <br/>
Source Lexile <br/>
521 ## - TARGET AUDIENCE NOTE
Target audience note R <br/>
Source Raz-Plus <br/>
650 #0 - SUBJECT ADDED ENTRY--TOPICAL TERM
Topical term or geographic name entry element Babysitters
Form subdivision Juvenile fiction.
650 #1 - SUBJECT ADDED ENTRY--TOPICAL TERM
Topical term or geographic name entry element Babysitters and babysitting
Form subdivision Fiction.
650 #1 - SUBJECT ADDED ENTRY--TOPICAL TERM
Topical term or geographic name entry element Friends
Form subdivision Fiction.
655 #7 - INDEX TERM--GENRE/FORM
Genre/form data or focus term Young adult fiction.
Source of term lcsh
906 ## - LOCAL DATA ELEMENT F, LDF (RLIN)
a 7
b cbc
c copycat
d 2
e ncip
f 20
g y-genrareb
942 ## - ADDED ENTRY ELEMENTS (KOHA)
Source of classification or shelving scheme Dewey Decimal Classification
Koha item type Books
Suppress in OPAC No
999 ## -
-- 993
-- 993
Holdings
Withdrawn status Lost status Source of classification or shelving scheme Damaged status Not for loan Collection Home library Current library Shelving location Date acquired Total Checkouts Full call number Barcode Date last seen Price effective from Koha item type
    Dewey Decimal Classification     Juvenile Fiction Footprints International School Library Network Toul Kork Campus Footprints International School Library Network Toul Kork Campus   07/18/2023   MAR 813 PZ7.M3567585 FIS01116 07/18/2023 07/18/2023 Books